|
|
|
|
| LEADER |
03235nam a2200781 i 4500 |
| 001 |
nkc20193077889 |
| 003 |
CZ PrNK |
| 005 |
20190709170349.0 |
| 007 |
ta |
| 008 |
190405s2019 xr a f 000 0 cze |
| 015 |
|
|
|a cnb003077889
|
| 020 |
|
|
|a 978-80-903902-9-4
|q (brožováno) :
|c neprodejné
|
| 035 |
|
|
|a (OCoLC)1107825434
|
| 040 |
|
|
|a OLA001
|b cze
|e rda
|
| 043 |
|
|
|a e-xr---
|b e-xr-mo
|a e-pl---
|2 czenas
|
| 072 |
|
7 |
|a 58
|x Botanika
|2 Konspekt
|9 2
|
| 080 |
|
|
|a 582-152.42
|2 MRF
|
| 080 |
|
|
|a 581.9
|2 MRF
|
| 080 |
|
|
|a 316.4.063.3
|2 MRF
|
| 080 |
|
|
|a 502.17
|2 MRF
|
| 080 |
|
|
|a (437.326)
|2 MRF
|
| 080 |
|
|
|a (438)
|2 MRF
|
| 080 |
|
|
|a (048.8:082)
|2 MRF
|
| 100 |
1 |
|
|a Švehláková, Hana
|4 aut
|4 edt
|
| 245 |
1 |
0 |
|a Příručka k managementu invazních druhů rostlin v Orlové a Mszane /
|c Švehláková Hana, Stalmachová Barbara, Nováková Jana, Olszewski Pawel, Grabowski Jacek, Zdeněk Neustupa ; editoři: Stalmachová Barbara, Švehláková Hana, Jana Nováková
|
| 250 |
|
|
|a 1. vydání
|
| 264 |
|
1 |
|a Ostrava :
|b Image Studio s.r.o.,
|c 2019
|
| 300 |
|
|
|a 40 stran :
|b barevné ilustrace ;
|c 21 cm
|
| 336 |
|
|
|a text
|b txt
|2 rdacontent
|
| 337 |
|
|
|a bez média
|b n
|2 rdamedia
|
| 338 |
|
|
|a svazek
|b nc
|2 rdacarrier
|
| 500 |
|
|
|a Nad názvem: VŠB Technická univerzita Ostrava, Hornicko-geologická fakulta
|
| 500 |
|
|
|a Terminologický slovník
|
| 500 |
|
|
|a 100 výtisků
|
| 550 |
|
|
|a Vydavatel: Vysoká škola báňská - Technická univerzita Ostrava
|
| 650 |
0 |
7 |
|a invazivní rostliny
|7 ph976247
|2 czenas
|
| 650 |
0 |
7 |
|a flóra
|7 ph114559
|z Česko
|2 czenas
|
| 650 |
0 |
7 |
|a flóra
|7 ph114559
|z Polsko
|2 czenas
|
| 650 |
0 |
7 |
|a přeshraniční spolupráce
|7 ph135604
|z Česko
|2 czenas
|
| 650 |
0 |
7 |
|a přeshraniční spolupráce
|7 ph135604
|z Polsko
|2 czenas
|
| 650 |
0 |
7 |
|a ochrana přírody
|7 ph115552
|z Česko
|2 czenas
|
| 650 |
0 |
7 |
|a ochrana přírody
|7 ph115552
|z Polsko
|2 czenas
|
| 650 |
0 |
9 |
|a invasive plants
|2 eczenas
|
| 650 |
0 |
9 |
|a flora
|z Czechia
|2 eczenas
|
| 650 |
0 |
9 |
|a flora
|z Poland
|2 eczenas
|
| 650 |
0 |
9 |
|a transborder cooperation
|z Czechia
|2 eczenas
|
| 650 |
0 |
9 |
|a transborder cooperation
|z Poland
|2 eczenas
|
| 650 |
0 |
9 |
|a nature conservation
|z Czechia
|2 eczenas
|
| 650 |
0 |
9 |
|a nature conservation
|z Poland
|2 eczenas
|
| 651 |
|
7 |
|a Orlová (Česko : oblast)
|7 ge691057
|2 czenas
|
| 651 |
|
7 |
|a Mszana (Polsko : oblast)
|7 ge1032903
|2 czenas
|
| 651 |
|
9 |
|a Orlová Region (Czechia)
|2 eczenas
|
| 651 |
|
9 |
|a Mszana Region (Poland)
|2 eczenas
|
| 655 |
|
7 |
|a kolektivní monografie
|7 fd501537
|2 czenas
|
| 655 |
|
9 |
|a collective monographs
|2 eczenas
|
| 700 |
1 |
|
|a Stalmachová, Barbara
|7 jn20001005701
|4 aut
|4 edt
|
| 700 |
1 |
|
|a Nováková, Jana
|4 aut
|4 edt
|
| 700 |
1 |
|
|a Olszewski, Paweł
|7 mzk20191032398
|4 aut
|
| 700 |
1 |
|
|a Grabowski, Jacek
|7 mzk20191032404
|4 aut
|
| 700 |
1 |
|
|a Neustupa, Zdeněk
|7 xx0080778
|4 aut
|
| 710 |
2 |
|
|a Vysoká škola báňská - Technická univerzita Ostrava.
|b Hornicko-geologická fakulta
|7 kn20010709391
|4 isb
|
| 910 |
2 |
|
|a BOA001
|b 2-1425.917
|
| 928 |
9 |
|
|a Image Studio
|
| 928 |
9 |
|
|a Vysoká škola báňská - Technická univerzita Ostrava
|
| 990 |
|
|
|a BK
|
| 995 |
|
|
|a 01
|
| 991 |
|
|
|b 201904
|c NOV
|
| 996 |
6 |
|
|b 2610778854
|c 2-1425.917
|l MZK
|r Sklad / do 1 hodiny
|n 2
|p p.v.
|w 001718415
|u 000010
|a 1
|e BOA001
|j MZK50
|s P
|